000 00324nam a22001457a 4500
008 221108b ||||| |||| 00| 0 eng d
020 _a9780521395571
041 _aeng
080 _a616.12
082 _a616.12 DUT
100 _a11.2
101 _aKARDI
245 _aWORSE THAN THE DISEASE
_cDUTTON D
942 _2udc
_cBK
999 _c58785
_d58785